| 000 | 00779nmc a2200301 a 4500 | ||
|---|---|---|---|
| 003 | AR-BaBNM | ||
| 005 | 20251128211521.0 | ||
| 008 | 254120s1997 ||||||||||||||000 | spa|| | ||
| 020 | _a84-395-4075-2 | ||
| 040 | _cAR-BaBNM | ||
| 100 | 0 | _aPlutarco | |
| 245 | 1 | 0 |
_aVidas paralelas _bTeseo - Rómulo - Licurgo - Numa |
| 260 |
_aBarcelona _bPlaneta-Agostini _c1997 |
||
| 300 | _a261 p. | ||
| 490 | 0 |
_aLos clásicos de Grecia y Roma _vv. 23 |
|
| 650 | 4 | _aLITERATURA LATINA | |
| 650 | 4 | _aMITOLOGIA | |
| 650 | 4 | _aBIOGRAFIAS | |
| 650 | 4 | _aHISTORIA ANTIGUA | |
| 650 | 4 | _aLEYENDAS | |
| 650 | 4 | _aHISTORIA POLITICA | |
| 650 | 4 | _aFILOSOFIA | |
| 651 | 4 | _aRoma | |
| 655 | _aLITERATURA | ||
| 700 | 1 |
_aPérez Jiménez, Aurelio _etraductor |
|
| 942 | _cBK | ||
| 998 | _cmariana | ||
| 999 |
_c19995 _d19995 |
||